Κατάλογος Βιβλιοθηκών Mediterranean College

Πρακτικός Οδηγός του Εκπαιδευτή (Record no. 2363)

MARC details
000 -LEADER
fixed length control field 01765cam a22002054a 4500
005 - ΗΜΕΡΟΜΗΝΙΑ ΚΑΙ ΩΡΑ ΤΕΛΕΥΤΑΙΑΣ ΕΝΗΜΕΡΩΣΗΣ
Πεδίο ελέγχου 20250605164039.0
008 - FIXED-LENGTH DATA ELEMENTS--GENERAL INFORMATION
Πεδίο ελέγχου σταθερού μήκους 250528s ||||||||||||||||||||||||d
035 ## - SYSTEM CONTROL NUMBER
System control number 16913
020 ## - ISBN
ISBN 9603750131
040 ## - ΠΗΓΗ ΚΑΤΑΛΟΓΟΓΡΑΦΗΣΗΣ
Φορέας πρωτότυπης καταλογογράφησης MC Athens Campus Library
Γλώσσα καταλογογράφησης Ελληνικά, Μοντέρνα (1453-)
Modifying agency MC Athens Campus Library
Κανόνες περιγραφικής καταλογογράφησης AACR2
245 1# - ΤΙΤΛΟΣ ΚΑΙ ΔΗΛΩΣΗ ΥΠΕΥΘΥΝΟΤΗΤΑΣ
Τίτλος Πρακτικός Οδηγός του Εκπαιδευτή
260 ## - PUBLICATION, DISTRIBUTION, ETC.
Name of publisher, distributor, etc. Μεταίχμιο,
Date of publication, distribution, etc. 1997
300 ## - PHYSICAL DESCRIPTION
Extent 208
520 ## - SUMMARY, ETC.
Summary, etc. Το βιβλίο αυτό απευθύνεται σε πρόσωπα που καλούνται να αναλάβουν δραστηριότητες εκπαίδευσης ενηλίκων. Εισαγωγικό Σημείωμα, Προσδιορισμός των Παιδαγωγικών Στόχων, Η Αρχή μιας Εκπαιδευτικής Συνάντησης, Πώς Γίνεται η Παρουσίαση Ενός Θέματος, Επιλογή Εκπαιδευτικών Μεθόδων και Τεχνικών, Τα Παιδαγωγικά Βοηθήματα, Η Χρήση του Μηχανήματος Προβολής, Πώς να Επιτύχετε τη Συμμετοχή των Εκπαιδευόμενων, Τα Πλεονεκτήματα της Ομαδικής Εργασίας, Πώς Μαθαίνουν οι Ενήλικοι, Απαντήσεις σε Δέκα Ερωτήσεις, Η Αξιολόγηση της Εκπαίδευσης, Μετά την Εκπαίδευση και η Εφαρμογή, Η Ενσωμάτωση της Εκπαίδευσης στην Εργασία, Τι Είδους Εκπαιδευτής Είστε, Η Προετοιμασία Ενός Προγράμματος Εκπαίδευσης.
700 1# - ΠΡΟΣΘΕΤΗ ΑΝΑΓΡΑΦΗ--ΦΥΣΙΚΟ ΠΡΟΣΩΠΟ
Personal name Noye Didier
9 (RLIN) 3006
700 1# - ΠΡΟΣΘΕΤΗ ΑΝΑΓΡΑΦΗ--ΦΥΣΙΚΟ ΠΡΟΣΩΠΟ
Personal name Piveteau Jacques
9 (RLIN) 3007
942 ## - ADDED ENTRY ELEMENTS (KOHA)
Koha item type Books
Holdings
Τύπος τεκμηρίου Βιβλιοθήκη Τρέχουσα τοποθεσία Barcode Αριθμός εισαγωγής Ημερομηνία απόκτησης Ταξιθετικό σύμβολο Αριθμός αντιτύπου Κατάσταση απόσυρσης Κατάσταση χαμένου Κατάσταση κατεστραμμένου Μη δανεισμός Σύνολο δανεισμών Ημερομηνία τελευταίας εμφάνισης Η τιμή ισχύει από
Books MC Athens Campus Library MC Athens Campus Library 9780000023629 5569 05/06/2025 374 NOY 1           05/06/2025 05/06/2025

MC Athens Campus Library
Πατησίων 94 & Κοδριγκτώνος 13, 104 34
Πελλήνης 8 & Πατησίων 107, 112 51
Τ: +30 210 8899600

MC Thessaloniki Campus Library
Ίωνος Δραγούμη 21, 54625 | Ίωνος Δραγούμη 15, 54625
Τ: +30 2310 287779 – Τ: +30 2314 440300